000 00516nam a22001577a 4500
008 131129b xxu||||| |||| 00| 0 eng d
020 _a000655069X
050 _aSPC DT1036.T246
100 _aTaylor , Stephen
_94376
245 _aLivingstone's tribe
_bA Journey from Zamzibar to the Cape
260 _aLondon
_bHarperCollinsPublishers
_c1999
300 _ax; 260p.;
_c20cm
650 _aAfrica, Southern
_94377
_xDescription & travel
650 _aAfrica, East
_xDescription & travel
_94515
942 _2lcc
_cMONOGRAPH
999 _c118841
_d118841